On the edge of Europe, Ukraine (notice n° 1820154)
[ vue normale ]
| 000 -LEADER | |
|---|---|
| fixed length control field | 01138cam a2200169 4500500 |
| 005 - DATE AND TIME OF LATEST TRANSACTION | |
| control field | 20260329002954.0 |
| 041 ## - LANGUAGE CODE | |
| Language code of text/sound track or separate title | fre |
| 042 ## - AUTHENTICATION CODE | |
| Authentication code | dc |
| 100 10 - MAIN ENTRY--PERSONAL NAME | |
| Personal name | Cuisenier, Jean |
| Relator term | author |
| 245 00 - TITLE STATEMENT | |
| Title | On the edge of Europe, Ukraine |
| 260 ## - PUBLICATION, DISTRIBUTION, ETC. | |
| Date of publication, distribution, etc. | 2022.<br/> |
| 500 ## - GENERAL NOTE | |
| General note | 12 |
| 520 ## - SUMMARY, ETC. | |
| Summary, etc. | Ethnological heritage, and then intangible cultural heritage (ICH), have often been at the heart of new heritage projects over the last thirty years, driven in particular by non-institutional actors such as associations. But this is not the case everywhere. Based on a survey carried out in Picardy (Aisne and Somme), this article examines the reasons why, in this region, heritage associations have been created mainly around the monument and ’great’ history, while attempts by cultural or political institutions to turn into heritage industrial sites, practices or popular objects have hardly met with any response. |
| 700 10 - ADDED ENTRY--PERSONAL NAME | |
| Personal name | Conte, Francis |
| Relator term | author |
| 786 0# - DATA SOURCE ENTRY | |
| Note | Ethnologie française | 52 | 3 | 2022-12-07 | p. 563-571 | 0046-2616 |
| 856 41 - ELECTRONIC LOCATION AND ACCESS | |
| Uniform Resource Identifier | <a href="https://shs.cairn.info/journal-ethnologie-francaise-2022-3-page-563?lang=en&redirect-ssocas=7080">https://shs.cairn.info/journal-ethnologie-francaise-2022-3-page-563?lang=en&redirect-ssocas=7080</a> |
Pas d'exemplaire disponible.




Réseaux sociaux